| 000 | 00486nam a2200205Ia 4500 | ||
|---|---|---|---|
| 008 | 170918s9999 xx 000 0 und d | ||
| 020 | _a9780545215862 | ||
| 050 | _bB852 2010 | ||
| 100 | _aBridwell, Norman | ||
| 245 | _aClifford's manners / | ||
| 245 | _cby Norman Bridwell. | ||
| 260 | _aNew York : | ||
| 260 | _bScholastic, | ||
| 260 | _c2010 | ||
| 300 | _aunpaged : | ||
| 300 | _bcolored illustration ; | ||
| 300 | _c20cm. | ||
| 440 | _vBe big! Share. | ||
| 500 | _a300 | ||
| 999 |
_c343212 _d343212 |
||